[Event "African-ch Open 2019"]
[Site "Hammamet"]
[Date "2019.07.17"]
[Round "9.4"]
[White "Zaibi, Amir"]
[Black "Arab, Adlane"]
[Result "0-1"]
[WhiteElo "2378"]
[BlackElo "2479"]
[Annotator "ChessBase"]
[PlyCount "111"]
[EventDate "2019.07.09"]
[EventType "swiss"]
[EventCountry "TUN"]
[SourceTitle "playchess.com"]
[Source "ChessBase"]
[SourceQuality "1"]
[TimeControl "5400+30"]

1. d4 {[%emt 0:00:22]} Nf6 {[%emt 0:00:25]} 2. Nf3 {[%emt 0:00:36]} e6 {[%emt 0:00:03]} 3. c4 {[%emt 0:01:10]} d5 {[%emt 0:00:41]} 4. g3 {[%emt 0:00:12]} Bb4+ {[%emt 0:00:45]} 5. Bd2 {[%emt 0:00:12]} Be7 {[%emt 0:00:06]} 6. Bg2 {[%emt 0:00:05]} O-O {[%emt 0:00:23]} 7. O-O {[%emt 0:00:30]} Nbd7 {[%emt 0:00:36]} 8. Qc2 {[%emt 0:01:30]} c6 {[%emt 0:02:16]} 9. Rd1 {[%emt 0:00:55]} b6 {[%emt 0:01:57]} 10. cxd5 {[%emt 0:02:23]} cxd5 {[%emt 0:02:31]} 11. Nc3 {[%emt 0:00:49]} Bb7 {[%emt 0:06:29]} 12. Bf4 {[%emt 0:08:33]} Rc8 {[%emt 0:00:51]} 13. Qb3 {[%emt 0:11:08]} a6 {[%emt 0:09:03]} 14. a4 {[%emt 0:04:37]} Ne4 {[%emt 0:07:42]} 15. Rac1 {[%emt 0:00:52]} Nd6 {[%emt 0:06:54]} 16. Qa2 {[%emt 0:07:17]} Nf6 {[%emt 0:09:56]} 17. Ne5 {[%emt 0:04:31]} h6 {[%emt 0:03:14]} 18. Nd3 {[%emt 0:06:56]} Nf5 {[%emt 0:09:01]} 19. Be5 {[%emt 0:04:00]} Nd7 {[%emt 0:03:20]} 20. Bh3 {[%emt 0:02:02]} Nxe5 {[%emt 0:01:51]} 21. Nxe5 {[%emt 0:01:16]} Nd6 {[%emt 0:01:07]} 22. e3 {[%emt 0:02:12]} Nc4 {[%emt 0:02:44]} 23. Nxc4 {[%emt 0:03:08]} Rxc4 {[%emt 0:00:06]} 24. Bf1 {[%emt 0:00:49]} Rc7 {[%emt 0:00:29]} 25. Ne2 {[%emt 0:02:28]} Bd6 {[%emt 0:04:43]} 26. Qb3 {[%emt 0:04:14]} Rxc1 {[%emt 0:03:30]} 27. Rxc1 {[%emt 0:00:50]} g5 {[%emt 0:00:22]} 28. Qd1 {[%emt 0:08:48]} Kg7 {[%emt 0:00:55]} 29. Rc2 {[%emt 0:05:10]} Qd7 {[%emt 0:02:31]} 30. b3 {[%emt 0:01:57]} Qe7 {[%emt 0:01:51]} 31. f4 {[%emt 0:01:56]} f6 {[%emt 0:04:33]} 32. g4 {[%emt 0:03:39]} f5 {[%emt 0:01:43]} 33. Ng3 {[%emt 0:01:15]} gxf4 {[%emt 0:01:41]} 34. exf4 {[%emt 0:00:17]} Kh8 {[%emt 0:00:23]} 35. gxf5 {[%emt 0:05:14]} exf5 {[%emt 0:01:39]} 36. Re2 {[%emt 0:04:38]} Qh4 {[%emt 0:01:55]} 37. Re6 {[%emt 0:00:18]} Bxf4 {[%emt 0:02:04]} 38. Qh5 {[%emt 0:00:35]} Qg5 {[%emt 0:02:53]} 39. Qxg5 {[%emt 0:01:31]} hxg5 {[%emt 0:00:07]} 40. Nh5 {[%emt 0:00:00]} Bd2 {[%emt 0:00:00]} 41. Rh6+ {[%emt 0:00:00]} Kg8 {[%emt 0:00:00]} 42. Rg6+ {[%emt 0:00:00]} Kh7 {[%emt 0:00:00]} 43. Rxb6 {[%emt 0:00:00]} Be3+ {[%emt 0:00:00]} 44. Kg2 {[%emt 0:00:00]} Ba8 {[%emt 0:00:00]} 45. Rxa6 {[%emt 0:00:00]} Bxd4 {[%emt 0:00:00]} 46. Bd3 {[%emt 0:00:00]} Bb7 {[%emt 0:00:00]} 47. Rd6 {[%emt 0:00:00]} Bc8 {[%emt 0:00:00]} 48. a5 {[%emt 0:00:00]} Kg8 {[%emt 0:00:00]} 49. a6 {[%emt 0:00:00]} f4 {[%emt 0:00:00]} 50. Rxd5 {[%emt 0:00:54]} f3+ {[%emt 0:00:00]} 51. Kg3 {[%emt 0:00:24]} Be3 {[%emt 0:00:00]} 52. Re5 {[%emt 0:02:48]} Bd2 {[%emt 0:00:00]} 53. Kf2 {[%emt 0:02:42]} Kh8 {[%emt 0:02:35]} 54. a7 {[%emt 0:00:45]} Bb7 {[%emt 0:01:03]} 55. Rb5 {[%emt 0:01:07]} Ba8 {[%emt 0:00:06]} 56. Rb8 {[%emt 0:00:09]} 0-1

[Event "African-ch Open 2019"]
[Site "Hammamet"]
[Date "2019.07.17"]
[Round "9.5"]
[White "Elarabi, Abobker Mohamed"]
[Black "Balogun, Oluwafemi"]
[Result "1-0"]
[WhiteElo "2312"]
[BlackElo "2279"]
[Annotator "NA"]
[PlyCount "83"]
[EventDate "2019.07.09"]
[EventType "swiss"]
[EventCountry "TUN"]
[SourceTitle "playchess.com"]
[Source "ChessBase"]
[SourceQuality "1"]
[TimeControl "5400+30"]

1. d4 {[%emt 0:00:00]} Nf6 {[%emt 0:04:23]} 2. Nf3 {[%emt 0:00:56]} g6 {[%emt 0:00:36]} 3. g3 {[%emt 0:00:00]} Bg7 {[%emt 0:00:59]} 4. Bg2 {[%emt 0:00:00]} c6 {[%emt 0:00:47]} 5. O-O {[%emt 0:04:14]} O-O {[%emt 0:00:58]} 6. c4 {[%emt 0:00:52]} d6 {[%emt 0:02:45]} 7. Nc3 {[%emt 0:00:21]} Qa5 {[%emt 0:00:59]} 8. h3 {[%emt 0:03:13]} e5 {[%emt 0:03:32]} 9. dxe5 {[%emt 0:06:05]} dxe5 {[%emt 0:00:00]} 10. a3 {[%emt 0:00:47]} Rd8 {[%emt 0:00:00]} 11. Qc2 {[%emt 0:00:31]} Bf5 {[%emt 0:05:45]} 12. e4 {[%emt 0:01:17]} Be6 {[%emt 0:00:15]} 13. b4 {[%emt 0:00:41]} Qc7 {[%emt 0:01:40]} 14. c5 {[%emt 0:00:08]} b6 {[%emt 0:02:24]} 15. Be3 {[%emt 0:00:47]} bxc5 {[%emt 0:05:49]} 16. Bxc5 {[%emt 0:00:15]} Nbd7 {[%emt 0:00:16]} 17. Be3 {[%emt 0:00:39]} Nb6 {[%emt 0:03:37]} 18. Nd2 {[%emt 0:01:59]} Qd7 {[%emt 0:12:31]} 19. Kh2 {[%emt 0:00:41]} Qd3 {[%emt 0:05:13]} 20. Qb2 {[%emt 0:01:04]} Nc4 {[%emt 0:11:42]} 21. Nxc4 {[%emt 0:00:39]} Qxc4 {[%emt 0:00:03]} 22. Rfc1 {[%emt 0:06:14]} Qb3 {[%emt 0:02:00]} 23. Qxb3 {[%emt 0:00:25]} Bxb3 {[%emt 0:00:03]} 24. Bf1 {[%emt 0:00:02]} Nd7 {[%emt 0:05:46]} 25. Rab1 {[%emt 0:00:39]} Be6 {[%emt 0:00:10]} 26. Na4 {[%emt 0:00:43]} a5 {[%emt 0:08:44]} 27. Nb6 {[%emt 0:03:29]} Nxb6 {[%emt 0:00:03]} 28. Bxb6 {[%emt 0:00:02]} Rd2 {[%emt 0:00:11]} 29. bxa5 {[%emt 0:00:49]} c5 {[%emt 0:04:09]} 30. Bxc5 {[%emt 0:00:57]} Bf8 {[%emt 0:01:39]} 31. Be3 {[%emt 0:05:56]} Ra2 {[%emt 0:00:57]} 32. a6 {[%emt 0:00:41]} Bxa3 {[%emt 0:00:43]} 33. Rc6 {[%emt 0:00:39]} Bb2 {[%emt 0:03:10]} 34. a7 {[%emt 0:02:03]} Kg7 {[%emt 0:00:19]} 35. Rc2 {[%emt 0:04:09]} Bd4 {[%emt 0:00:22]} 36. Rxa2 {[%emt 0:00:46]} Bxa2 {[%emt 0:00:16]} 37. Rb7 {[%emt 0:00:48]} Kf6 {[%emt 0:02:09]} 38. Bb5 {[%emt 0:02:47]} Ke6 {[%emt 0:00:56]} 39. Rd7 {[%emt 0:03:51]} Bxe3 {[%emt 0:12:28]} 40. fxe3 {[%emt 0:00:00]} Bb1 {[%emt 0:00:00]} 41. Bc6 {[%emt 0:00:00]} Rc8 {[%emt 0:00:00]} 42. Rd1 {[%emt 0:00:00]} 1-0